[Event "Zürich Chess Challenge - Rapid"]
[Site "Zurigo"]
[Date "04.02.2014"]
[Round "R4"]
[White "Caruana,F"]
[Black "Carlsen,M"]
[Result "1-0"]
[WhiteElo "2781"]
[BlackElo "2872"]
[EventDate "2014.02.04"]

1. Nf3 Nf6 2. g3 d5 3. Bg2 c6 4. O-O Bf5 5. d3 e6 6. c4 Nbd7 7. cxd5 cxd5
8. Be3 Bc5 9. Bxc5 Nxc5 10. Nc3 O-O 11. Qd2 h6 12. Rfc1 Rc8 13. b4 Ncd7 14.
a4 Qe7 15. Nb5 a6 16. Nbd4 Bg6 17. Nb3 e5 18. Nh4 Bh7 19. Bh3 d4 20. Nf3
Rxc1+ 21. Rxc1 Nb6 22. a5 Nbd5 23. Rc5 Rd8 24. Na1 e4 25. Nxd4 exd3 26.
exd3 Bxd3 27. Qxd3 Nxb4 28. Qc3 Ne4 29. Nf5 Qf8 30. Qxb4 Nxc5 31. Nc2 Nd3
32. Qc3 g6 33. Nfd4 Nc5 34. Bg2 Qd6 35. h4 h5 36. Qe3 Qf6 37. Nf3 Qf5 38.
Nfd4 Qf6 39. Kh2 Kg7 40. Qc3 Nd7 41. f4 b5 42. Nb4 Nb8 43. Nd5 b4 44. Nf5+
1-0

[Event "Zürich Chess Challenge - Rapid"]
[Site "Zurigo"]
[Date "04.02.2014"]
[Round "R5"]
[White "Aronian,L"]
[Black "Caruana,F"]
[Result "1/2-1/2"]
[WhiteElo "2826"]
[BlackElo "2781"]
[EventDate "2014.02.04"]

1. Nf3 d6 2. d4 f5 3. Bf4 Nf6 4. e3 g6 5. h3 Bg7 6. Be2 O-O 7. O-O e6 8.
Bh2 Nc6 9. Nbd2 Qe7 10. c3 b6 11. b4 a5 12. Qb3 Bb7 13. a3 h6 14. c4 Nd8
15. c5 axb4 16. axb4 Nf7 17. Nh4 Kh7 18. cxd6 cxd6 19. Nc4 Bd5 20. Qb2 Ne4
21. Nf3 Qb7 22. b5 Rfc8 23. Rxa8 Rxa8 24. Ra1 Rxa1+ 25. Qxa1 Qc7 26. Nfd2
Nxd2 27. Nxd2 e5 28. Bf3 Bxf3 29. Nxf3 Qc4 30. Qf1 Qb4 31. Kh1 Ng5 32.
Nxg5+ hxg5 33. dxe5 dxe5 34. f3 e4 35. fxe4 Qxe4 36. Qc1 Be5 37. Qc6 Qb1+
38. Bg1 Bg3 39. Qd7+ Kh6 40. Qd4 Kh7 41. Qd7+ Kh6 42. Qd4 Kh7 1/2-1/2

[Event "Zürich Chess Challenge - Rapid"]
[Site "Zurigo"]
[Date "04.02.2014"]
[Round "R5"]
[White "Carlsen,M"]
[Black "Anand,V"]
[Result "1/2-1/2"]
[WhiteElo "2872"]
[BlackElo "2773"]
[EventDate "2014.02.04"]

1. e4 e5 2. Nf3 Nc6 3. Bb5 Nf6 4. O-O Nxe4 5. Re1 Nd6 6. Nxe5 Be7 7. Bf1
Nxe5 8. Rxe5 O-O 9. d4 Bf6 10. Re1 Re8 11. c3 Rxe1 12. Qxe1 Ne8 13. Bf4 d5
14. Bd3 g6 15. Nd2 Ng7 16. Nf3 Bf5 17. Bxf5 Nxf5 18. Qe2 c6 19. Re1 Ng7 20.
Be5 Ne6 21. Bxf6 Qxf6 22. Ne5 Re8 23. Ng4 Qd8 24. Qe5 Ng7 25. Qxe8+ Nxe8
26. Rxe8+ Qxe8 27. Nf6+ Kf8 28. Nxe8 Kxe8 29. f4 f5 30. Kf2 Kf7 31. b4 b5
32. g3 Kf6 33. Kf3 Ke6 34. Ke3 Kf6 35. Kf3 Ke6 1/2-1/2